000 00458nam a2200181 a 4500
001 1772709459218
003 YourLibrary
005 20260305165356.0
008 260305s2009##################000#0#eng##
020 _a9781604130874
082 0 4 _a324.623
_bTOD
100 1 _aTodd, Anne M.,
_eauthor.
245 1 0 _aSusan B. Anthony :
260 _bChelsea House,
_c2009.
650 0 _aFeminists.
942 _cENGLISH
040 _aYourLibrary
_beng
_cYourLibrary
999 _c617008
_d617008